000 00240nam a22000977a 4500
008 230704b |||||||| |||| 00| 0 eng d
020 _a9781783341757
100 _aBurkett Elinor
_97686
245 _aGolda Meir
260 _aLondon
_bCPI LTD
_c2021
999 _c12328
_d12328